000 00721nam a2200277Ia 4500
005 20260324112240.0
008 008 260324s9999 xx 000 0 eng d
020 _a9781003289838
037 _aEBOOK
040 _aCRL
040 _beng
040 _cCRL
041 _2eng
041 _aeng
084 _qCRL
100 _aVicki-Ann Ware; Wasim al Kurdi; Tim Prentki; Kirsten Sadeghi-Yekta; Patrick Kabanda
_91141906
245 0 _aRoutledge Handbook of Arts and Global Development
260 _bTaylor and Francis
260 _c2024
365 _a
365 _b360
856 _uhttp://www.taylorfrancis.com/books/9781003289838
942 _cEBOOK
999 _c1731047
_d1731047